000 00363 a2200157 4500
001 59646
020 _a9783522178020
040 _cAnchieta - Pituba
100 _aBoth, Sabine
240 1 0 _aSommer, sonne, erste Liebe
_lpor
245 1 0 _aSommer, sonne, erste Liebe
300 _a350
362 0 _a2006
650 4 _aLiteratura juvenil em alemão
942 _cBK
999 _c59646
_d59646